| 000 | 00505nam a22001697a 4500 | ||
|---|---|---|---|
| 010 | _aENG-118075 | ||
| 020 |
_a9789381209301 _c2500.00 |
||
| 035 | _aEN-101607 | ||
| 037 | _bDBAD/PUB | ||
| 082 | _a363.325 | ||
| 100 | _aPattnaik, Girija Prasanna | ||
| 245 |
_aTerrorism in world politics india' response / _cby Girija Prasanna Pattnaik |
||
| 260 |
_aKolkata _bPunthi Pustak _c2016 |
||
| 270 | _a136/4B, Bidhan Sarani | ||
| 300 |
_a406p. _c24cm(Hb) |
||
| 942 |
_2ddc _cEN _h363.325 _mPAT |
||
| 999 |
_c139584 _d139584 |
||